Größte Bezirke Österreichs - Statistiken

Allgemein
  • Dieses Quiz wurde 260 mal gespielt
  • Das Durchschnittsergebnis liegt bei 13 aus 19
Antwortstatistiken
Fläche Einwohner Bundesland Fläche (%) Einwohner (%) Bezirk % Korrekt
1.989 km² 179.300 Tirol 15.74% 23.76% Innsbruck-Land
84%
415 km² 1.897.500 Wien 100.00% 100.00% Wien
84%
3.315 km² 79.900 Steiermark 20.21% 6.43% Liezen
83%
66 km² 154.200 Salzburg 0.92% 27.77% Salzburg
82%
1.005 km² 152.300 Salzburg 14.04% 27.43% Salzburg-Umgebung
82%
127 km² 288.800 Steiermark 0.77% 23.23% Graz
81%
1.086 km² 154.300 Steiermark 6.62% 12.41% Graz-Umgebung
81%
96 km² 205.700 Oberösterreich 0.80% 13.88% Linz
79%
460 km² 150.300 Oberösterreich 3.84% 10.14% Linz-Land
79%
2.764 km² 76.100 Kärnten 28.98% 13.56% Spittal an der Drau
73%
2.642 km² 87.500 Salzburg 36.92% 15.76% Zell am See
73%
1.724 km² 60.100 Tirol 13.64% 7.96% Imst
63%
1.842 km² 83.900 Tirol 14.57% 11.17% Schwaz
62%
1.755 km² 80.600 Salzburg 24.52% 14.52% St. Johann im Pongau
62%
2.155 km² 99.000 Steiermark 13.14% 7.96% Bruck-Mürzzuschlag
61%
2.019 km² 48.800 Tirol 15.97% 6.47% Lienz
61%
1.676 km² 72.000 Steiermark 10.22% 5.79% Murtal
48%
754 km² 146.200 Niederösterreich 8.72% 3.93% Baden
39%
1.085 km² 136.300 Oberösterreich 9.06% 9.20% Vöcklabruck
32%
Keine übereinstimmenden Quizze gefunden
Verteilung der Resultate
Anzahl Personen mit jedem Resultat
Perzentil nach korrekt beantworteten Fragen
Ihre Resultats-Entwicklung
Sie haben dieses Quiz noch nicht gespielt